header

Stillness & light (Record no. 246054)

MARC details
000 -LEADER
fixed length control field 01268nam a2200337Ia 4500
082 04 - DEWEY DECIMAL CLASSIFICATION NUMBER
Classification number 720.88/2898
100 1# - MAIN ENTRY--AUTHOR NAME
Personal name Plummer, Henry,
245 10 - TITLE STATEMENT
Title Stillness & light
260 ## - PUBLICATION, DISTRIBUTION, ETC. (IMPRINT)
Place of publication Bloomington :
Name of publisher Indiana University Press,
Year of publication c2009.
300 ## - PHYSICAL DESCRIPTION
Number of Pages 134 p. :
Other physical details chiefly col. ill.
650 #0 - SUBJECT ADDED ENTRY--TOPICAL TERM
Topical Term Light in architecture.
Topical Term Shaker architecture.
856 40 - ELECTRONIC LOCATION AND ACCESS
Uniform Resource Identifier http://site.ebrary.com/lib/rucke/Doc?id=10540443

No items available.

© 2026 Rongo University
Contact us: librarian | system librarian | Rongo university